Catálogo

CARLOS A. MADRAZO BIOGRAFIA POLITICA (Registro nro. 23381)

Detalles MARC
000 -LEADER
fixed length control field 00486nam a2200193 a 4500
001 - CONTROL NUMBER
control field 23381
005 - DATE AND TIME OF LATEST TRANSACTION
control field 20180713221435.0
008 - FIXED-LENGTH DATA ELEMENTS--GENERAL INFORMATION
fixed length control field 140415s1988 mx 000 0 spa d
020 ## - INTERNATIONAL STANDARD BOOK NUMBER
International Standard Book Number 9681318730
041 ## - LANGUAGE CODE
Language code of text/sound track or separate title spa
082 ## - DEWEY DECIMAL CLASSIFICATION NUMBER
Classification number 320
Item number CRU
100 1# - MAIN ENTRY--PERSONAL NAME
Personal name CRUZ ZAPATA, RAUL
245 10 - TITLE STATEMENT
Title CARLOS A. MADRAZO BIOGRAFIA POLITICA
250 ## - EDITION STATEMENT
Edition statement 1a ed.
260 ## - PUBLICATION, DISTRIBUTION, ETC.
Place of publication, distribution, etc. MEXICO :
Name of publisher, distributor, etc. DIANA,
Date of publication, distribution, etc. 1988
300 ## - PHYSICAL DESCRIPTION
Extent 139
650 14 - SUBJECT ADDED ENTRY--TOPICAL TERM
Topical term or geographic name entry element POLITICA
700 1# - ADDED ENTRY--PERSONAL NAME
Personal name PEREZ DIAZ, ALFREDO
Relator term pról.
Existencias
Withdrawn status Lost status Source of classification or shelving scheme Damaged status Not for loan Collection code Home library Current library Shelving location Date acquired Source of acquisition Inventory number Total Checkouts Full call number Barcode Date last seen Price effective from Koha item type
    Dewey Decimal Classification     General Biblioteca Karol Wojtyla Biblioteca Karol Wojtyla Sala general 03/12/2013 Compra 151000000000000000052804   320 CRU 79715 05/01/2026 03/12/2013 Libro
    Dewey Decimal Classification     General Biblioteca Karol Wojtyla Biblioteca Karol Wojtyla Sala general 03/12/2013 Compra 151000000000000000052803   320 CRU 44190 05/01/2026 03/12/2013 Libro